=LDR 00000nam 2200000 4500 =001 INLIS000000000020445 =005 20130612115406 =008 ***********************************Ind** =035 ##$$0010-061300000020445 =041 ##$$a Ind =082 ##$$a 372 =090 ##$$a 372, Til l =100 ##$$a Tillman, Diane =245 ##$$a Living values an educational program, activities for children agrs 3-7 (pendidikan niali untuk anak usia 3-7 tahun ; alih bahasa, Adi Respati dkk, oleh Prtrus Brianto Adi =260 ##$$a 2004 $b Jakarta =300 ##$$a xxv, 240 hlm, ilus, 24 cm =650 ##$$a Pendidikan dasar =850 ##$$a NBPNMAT